Economic progress: papers and proceedings of a Round Table (Record no. 370472)

000 -LEADER
fixed length control field 00486cam a22001457a 4500
008 - FIXED-LENGTH DATA ELEMENTS--GENERAL INFORMATION
fixed length control field 180718b1955 xxu||||| |||| 00| 0 eng d
082 ## - DEWEY DECIMAL CLASSIFICATION NUMBER
Classification number T1 In8
245 ## - TITLE STATEMENT
Title Economic progress: papers and proceedings of a Round Table
Statement of responsibility, etc. edited by Leon H. Dupriez and International Economic Association, London
260 ## - PUBLICATION, DISTRIBUTION, ETC.
Place of publication, distribution, etc. Hague
Name of publisher, distributor, etc. IEA
Date of publication, distribution, etc. 1955
300 ## - PHYSICAL DESCRIPTION
Extent 574p.
650 ## - SUBJECT ADDED ENTRY--TOPICAL TERM
Topical term or geographic name entry element Economic policy
650 ## - SUBJECT ADDED ENTRY--TOPICAL TERM
Topical term or geographic name entry element Economics
700 ## - ADDED ENTRY--PERSONAL NAME
Personal name International Economic Association, London
700 ## - ADDED ENTRY--PERSONAL NAME
Personal name Dupriez, Leon H.
Holdings
Withdrawn status Lost status Damaged status Not for loan Permanent Location Current Location Date acquired Full call number Barcode Date last seen Price effective from Koha item type
        Indian Institute of Public Administration Indian Institute of Public Administration 1994-06-06 T1 In8 17455 2018-07-21 2018-07-21 Book
        Indian Institute of Public Administration Indian Institute of Public Administration 1994-06-06 T1 In8 719 2018-07-21 2018-07-21 Book

Powered by Koha